| 000 | 00448nam a2200181Ia 4500 | ||
|---|---|---|---|
| 001 | 7455 | ||
| 005 | 20260306160456.0 | ||
| 008 | 260306t2011||||xx |||||||||||||| ||spa|| | ||
| 041 | _aESP | ||
| 082 |
_a339 _bB61A |
||
| 100 |
_aBlanchard, Olivier _eAUT |
||
| 245 | 0 |
_aMacroeconomía: _baplicaciones para Latinoamérica |
|
| 260 | _c2011 | ||
| 300 |
_axxxii, 861 páginas : _c27 cm. |
||
| 650 | _aGEN | ||
| 654 | _aCAN | ||
| 942 |
_cLIB _dJUS _fJUS _2ddc _n |
||
| 999 |
_c7455 _d7455 |
||